000 01639cam0 2200361 ib4500
001 BY-MI0013-br287639
005 20251222155006.0
010 ^a5-7880-0346-6
^bв переплете
^d1р.07к.
100 ^a20160325d1990 d y0rusy50 ca
101 0 ^arus
102 ^aBY
105 ^aa z
109 ^ama
200 1 ^aБасни
^eдля младшего школьного возраста
^fИван Крылов
^gсоставление и примечания Павла Ткачева
^gхудожник О. Б. Улановская
210 ^aМинск
^cЮнацтва
^d1990
215 ^a236, [1] с.
^cил.
^d22 см
225 1 ^aЗолотой ключик
345 ^9360 000 экз.
606 ^aБАСНИ
^2DVNLB
^3BY-NLB-ar2685086
608 ^aДЕТСКАЯ И ЮНОШЕСКАЯ ЛИТЕРАТУРА (художеств. произведение)
^2BYGNR
^3BY-NLB-ar9019
686 ^a84(2=411.2)5
^2rubbk
690 ^2Base
^9BY-MI0005
^a1
^xRSEK
700 1 ^aКрылов
^bИ. А.
^gИван Андреевич
^cписатель
^f1769—1844
^3BY-NLB-ar95768
^4070
702 1 ^aТкачев
^bП. И.
^gПавел Иванович
^cдоктор филологических наук, литературовед
^cписатель
^f1930—1998
^3BY-SEK-250393
^4080
^4220
702 1 ^aУлановская
^bО. Б.
^4440
801 0 ^aBY
^bBY-MI0013
^c20160325
^gpsbo
801 2 ^aBY
^bBY-MI0013
^c20220706
^gRCR
801 2 ^aBY
^bBY-MI0005
^c20220801
^gRCR
035 ^a(BY-MI0005)BY-MI0013-br287639
899 0 ^aBY-MI0005
^iК85
^h84(2=411.2)5